书目信息 |
| 题名: |
数据结构学习与解题指南
|
|
| 作者: | 殷新春 , 杨晓秋 , 李杰 , 汤克明 编著 | |
| 分册: | ||
| 出版信息: | 武汉 华中科技大学出版社 2001.3 |
|
| 页数: | 353页 | |
| 开本: | 26cm | |
| 丛书名: | 大学计算机学习指导系列 | |
| 单 册: | ||
| 中图分类: | TP311.12-44 | |
| 科图分类: | ||
| 主题词: | 程序设计--数据结构--习题 | |
| 电子资源: | ||
| ISBN: | 7-5609-1956-1 | |
| 000 | 00766nam0 2200253 45 | |
| 001 | 0201071519 | |
| 005 | 20051008171401.81 | |
| 010 | @a7-5609-1956-1@dCNY26.80 | |
| 100 | @a20020107d2001 km y0chiy0120 ea | |
| 101 | 0 | @achi |
| 105 | @aa z 000yy | |
| 200 | 1 | @a数据结构学习与解题指南@AShu Ju Jie Gou Xue Xi Yu Jie Ti Zhi Nan@f殷新春等编著@Fyin xin chun deng bian zhu |
| 210 | @a武汉@c华中科技大学出版社@d2001.3 | |
| 215 | @a353页@c图表@d26cm | |
| 225 | @a大学计算机学习指导系列 | |
| 461 | 0 | @12001 @a大学计算机学习指导系列 |
| 606 | 0 | @a程序设计@x数据结构@x习题 |
| 690 | @aTP311.12-44@v4 | |
| 701 | 0 | @a殷新春@4编著 |
| 701 | 0 | @a杨晓秋@4编著 |
| 701 | 0 | @a李杰@4编著 |
| 701 | 0 | @a汤克明@4编著 |
| 801 | @aCN@bTSTC@c20051008 | |
| 905 | @dTP311.12-44@e604 | |
| 数据结构学习与解题指南/殷新春等编著.-武汉:华中科技大学出版社,2001.3 |
| 353页:图表;26cm.-(大学计算机学习指导系列) |
| ISBN 7-5609-1956-1:CNY26.80 |
| ● |
| 相关链接 |
|
|
|
|
正题名:数据结构学习与解题指南
索取号:TP311.12-44/604
 
预约/预借
| 序号 | 登录号 | 条形码 | 馆藏地/架位号 | 状态 | 备注 |
| 1 | 0303206 | 203032066 | 密集书库/ [索取号:TP311.12-44/604] | 在馆 | |
| 2 | 0303207 | 203032075 | 密集书库/ [索取号:TP311.12-44/604] | 在馆 | |
| 3 | 0303208 | 203032084 | 第三借阅区/ [索取号:TP311.12-44/604] | 在馆 | |
| 4 | 0303209 | 203032093 | 密集书库/ [索取号:TP311.12-44/604] | 在馆 | |
| 5 | 0303210 | 203032100 | 第三借阅区/ [索取号:TP311.12-44/604] | 在馆 | |
| 6 | 0303211 | 203032119 | 密集书库/ [索取号:TP311.12-44/604] | 在馆 | |
| 7 | 0303212 | 203032128 | 第三借阅区/ [索取号:TP311.12-44/604] | 在馆 | |
| 8 | 0303213 | 203032137 | 密集书库/ [索取号:TP311.12-44/604] | 在馆 | |
| 9 | 0303214 | 203032146 | 第二样本阅览室/ [索取号:TP311.12-44/604] | 在馆 | |
| 10 | 0364691 | 3646914 | 第三借阅区/ [索取号:TP311.12-44/604] | 在馆 | |
| 11 | 0364692 | 3646923 | 密集书库/ [索取号:TP311.12-44/604] | 在馆 | |
| 12 | 0364693 | 3646932 | 密集书库/ [索取号:TP311.12-44/604] | 在馆 | |
| 13 | 0364694 | 3646941 | 密集书库/ [索取号:TP311.12-44/604] | 在馆 | |
| 14 | 0364695 | 3646950 | 第三借阅区/ [索取号:TP311.12-44/604] | 在馆 |